| 000 | 00639nam a22002177a 4500 | ||
|---|---|---|---|
| 003 | OSt | ||
| 005 | 20140310181758.0 | ||
| 008 | 130702t xxu||||| |||| 00| 0 eng d | ||
| 020 | _a9719231114 | ||
| 050 |
_aT 385 _b.An561 2001 |
||
| 082 |
_aCS 005.3 _bAn1 2001 |
||
| 245 |
_aSimple corel : fully illustrated / _cAntonio Andes, Sr., Antonio Andes, Jr. |
||
| 260 |
_aPhilippines : _bAndes Mountain Printers, _cc2001. |
||
| 300 |
_ax. 450 p. : _bill. ; _c21 cm. : |
||
| 500 | _areplacement of Acc#3416 | ||
| 520 | _a1. Computer programs. | ||
| 521 | _aBasic ed. students | ||
| 541 | _j1 | ||
| 562 | _e1 | ||
| 942 |
_2lcc _cBK _kCS |
||
| 999 |
_c3527 _d3527 |
||